000 00368nam a2200145Ia 4500
008 221030s9999 xx 000 0 und d
041 _aEnglish
082 _a105.23
100 _aC. S. Indulkar
245 0 _aPower System Transients - A Statistical Approach
_cby C. S. Indulkar, D. P.Kothari
260 _c0
650 _aB
700 _aD. P.Kothari
942 _cBK
999 _c13169
_d13169